000 00651nam a22002417a 4500
003 UA-OsUOA
001 94327
007 ta
008 20130207b un ||||| |||| 00| 0 ukr d
100 _aГолубев А.
090 _a821.161.1
_bГ62
942 _cBK
040 _aUA-OsUOA
_brus
_cUA-OsUOA
_dUA-OsUOA
245 _aВетер с Олимпа
_bочерки, рассказы
300 _a476 с.
955 _a3
041 _arus
080 _a821.161.1
260 _aМ.
_bСоветский писатель
_c1986
044 _aRU
650 7 _a82 Література. Літературознавство
_2UDC
999 _c380575
_d380575